[Event "ISR-chT"]
[Site "Israel"]
[Date "2002.04.12"]
[Round "8"]
[White "Gelfer, Israel"]
[Black "Psakhis, Lev"]
[Result "0-1"]
[WhiteElo "2331"]
[BlackElo "2571"]
[Annotator "Psakhis,L"]
[PlyCount "52"]
[EventDate "2002.01.10"]
[EventType "team"]
[EventRounds "11"]
[EventCountry "ISR"]
[SourceTitle "CBM 088"]
[Source "ChessBase"]
[SourceDate "2002.03.21"]
[SourceVersion "1"]
[SourceVersionDate "2002.03.21"]
[SourceQuality "1"]

1. d4 Nf6 2. c4 e6 3. Nc3 Bb4 4. Nf3 Bxc3+ {Now White will have at least
doubled pawns. Surely that it is not big deal, but important to start from
something!} 5. bxc3 b6 6. Bg5 Bb7 7. e3 h6 8. Bh4 d6 9. Bd3 {This move is a
rare guest, but it is not bad at all} ({Much more popular in modern practice} 
9. Nd2 g5 10. Bg3 Qe7 {but I afraid that Mr.Gelfer study this line last time
many years ago. To be honest, last time I had this kind of position at home
also more than 10 years ago.}) 9... g5 10. Bg3 Nbd7 11. O-O Qe7 12. Nd2 h5 13.
h4 Rg8 {We had to spend some time before we got this quite famous position.}
14. e4 $6 $146 {Novelty, but not good one.} (14. hxg5 Rxg5 15. Be2 O-O-O 16.
Bf3 Rdg8 17. Rb1 h4 18. Bxb7+ Kxb7 19. Qf3+ c6 20. Bxh4 Rg4 21. Bg3 Nh5 {
1/2-1/2 Ackerley,L-Caldwell,J/Club 1994 (35)}) (14. f3 O-O-O 15. hxg5 Rxg5 16.
Bh4 {leads to very complicated game, for example} Rg7 17. Rf2 Rdg8 18. Qa4 Kb8
19. e4 (19. Re1 Qe8 20. Qc2 Ng4 21. Rfe2 Nxe3 22. Rxe3 Rxg2+ 23. Kf1 Rh2 24.
Bf2 Qe7 25. Ne4 Rgg2 26. R1e2 Bxe4 {0-1 Belozerov,A-Nikolenko,O/Moscow op 1999/
CBM 70/[Tisdall] (40)}) 19... Qe8 20. c5 dxc5 21. Bb5 Qc8 22. e5 a6 23. exf6
axb5 24. Qxb5 Rg6 25. a4 e5 26. a5 exd4 27. axb6 Nxb6 {0-1 Farago,I-Rechlis,G/
Beersheva 1987 (35)}) 14... O-O-O 15. hxg5 {It was not so easy already to make
move, but after this one White lose almost force} ({I like black position and
after} 15. f3 Nh7 $5 16. Qe1 Rg7 {[%cal Gd8g8,Gd7f8,Gf8g6]}) 15... Rxg5 16. Nf3
Rg4 {I am sure that} (16... Rxg3 17. fxg3 Bxe4 {is very good for Black, but
text is much stronger}) 17. Nh2 {What else?} Rg7 {[%cal Gd8g8,Rh5h4]} 18. Bh4
$6 (18. Re1 Rdg8 19. Nf3 {Was last chanse for defence, but quite weak one!})
18... Rdg8 19. g3 (19. Qf3 $142 $17) {[%tqu "En","So, how we,ll continue
attack now?","","","f6e4","",10]} 19... Nxe4 $3 {[%mdl 64] Funny trick!Black
is winning now just in few moves} 20. Qxh5 ({I hoped for} 20. Bxe7 Rxg3+ 21.
fxg3 Rxg3+ 22. Kh1 Nf2# {but who wants to be mated?}) 20... f6 {All white
pieces are bad and rest is very simple} 21. Bxe4 Bxe4 22. Qe2 Bb7 23. f3 Qf7
24. Kf2 e5 {[%csl Rc4]} 25. Ng4 Bxf3 $1 26. Qxf3 Rxg4 (26... Rxg4 27. Qa8+ Nb8
$19 {[%csl Ra8,Rc4,Rf2,Rh4]}) 0-1

[Event "Rohde op 07th"]
[Site "Sautron"]
[Date "2007.10.31"]
[Round "6"]
[White "Pruess, David"]
[Black "Friedel, Joshua E"]
[Result "1-0"]
[WhiteElo "2417"]
[BlackElo "2477"]
[Annotator "RR"]
[PlyCount "71"]
[EventDate "2007.10.27"]
[EventType "swiss"]
[EventRounds "9"]
[EventCountry "FRA"]
[SourceTitle "EXT 2008"]
[Source "ChessBase"]
[SourceDate "2007.11.25"]
[SourceVersion "1"]
[SourceVersionDate "2007.11.25"]
[SourceQuality "1"]

1. d4 {les deux amis sont appariés ensemble} Nf6 2. c4 e6 3. Nc3 Bb4 4. Nf3 b6
5. Bg5 Bb7 6. e3 h6 7. Bh4 g5 (7... Bxc3+ 8. bxc3 d6 9. Nd2 Qe7 10. f3 Nbd7 11.
Bd3 e5) 8. Bg3 Ne4 9. Qc2 (9. Nd2) 9... d6 (9... Bxc3+ 10. bxc3 Nxg3 11. hxg3
Nc6 $1 {[%cal Gd8e7,Ge8c8] Probablement le plan le plus solide} 12. Nd2 (12.
Rb1 {[%cal Gb1b7,Gc4c5]} Qe7 13. c5 h5 14. Be2 Na5 {[%csl Gc4][%cal Ga5b7]} 15.
Nd2 Bxg2 $1 {L'échange avantage les noirs qui n'ont plus de faiblesse sur la
colonne "h"} 16. Rxh5 O-O-O $132) 12... Qe7 13. Nb3 (13. c5 $5 {[%cal Ga1b1,
Gb1b7]}) 13... Qa3 $5) 10. Bd3 Bxc3+ 11. bxc3 f5 {Cette ancienne variante
était а la mode dans les années 80 et 90 mais elle semble désormais assez
risquée} (11... Nxg3 $142 12. fxg3 Nd7 13. O-O Qe7) 12. d5 $1 Nd7 $1 (12... Nc5
$143 {Cette sous-variante est devenue assez douteuse car les blancs ont une
forte initiative} 13. h4 $1 (13. Nd4 {[%csl Re6][%cal Gd4e6]} Qf6) 13... g4 (
13... Rg8 $2 {Dans une vieille partie jouée а Cappelle, j'avais été massacré
après cette faute} 14. hxg5 hxg5 15. Rh6 Nba6 16. Nd4 Nxd3+ 17. Qxd3 Nc5 18.
Qe2 $1 {[%cal Ge2h5]} exd5 19. Qh5+ $40 {Jouravljev,A (2300)-Primel,D Cappelle
op 09th (2) 1-0}) 14. Nd4 Qf6 15. O-O Nba6 16. Nxe6 Nxe6 17. Bxf5 $1 $40 {
Salov,V (2595)-Timman,J (2675) Candidates m4 1988 (5) 1/2}) 13. Nd4 (13. Bxe4
fxe4 14. Qxe4 Qf6 $13 {[%cal Gf6c3,Gf6e6]}) 13... Ndc5 {[%cal Gc5e4,Gc5e6,
Gc5d3]} 14. dxe6 O-O ({RR} 14... Rf8 15. Be2 {RR} Qf6 16. Bh5+ Ke7 17. Bf7 Rxf7
18. exf7 Qxf7 19. O-O Nxg3 20. fxg3 Be4 21. Qf2 Rf8 22. g4 Qxc4 23. gxf5 Rf6
24. Qg3 Bd3 25. h4 Ne4 26. Qg4 c5 27. hxg5 hxg5 28. Ne6 Bxf1 29. Rxf1 Qd3 30.
Qh3 {Kamsky,G (2655)-Salov,V (2655)/Moscow 1992/CBM 033/1/2-1/2 (41)}) (14...
Qf6 $142 15. f3 f4 $1) 15. f3 Nxd3+ 16. Qxd3 Nc5 17. Qd2 $146 (17. Qc2 {
Zakharevich,I (2492)-Lushenkov,M (2308) Samara op (1) 1-0}) 17... Qf6 18. h4 g4
19. h5 $13 {[%csl Rh6]} Nxe6 20. fxg4 f4 21. O-O {[%cal Gf1f6]} f3 $1 22. Nxf3
(22. gxf3 $5 {[%cal Gd4f5]} Nxd4 23. exd4 (23. cxd4 Bxf3 24. Bf4 {[%cal Gf1f3,
Gf4h6]}) 23... Bxf3 24. Rae1 {[%cal Ge1e3,Ge3f3]} (24. Qd3 {[%cal Gd3f3,Gd3g6]}
)) 22... Qg7 {[%csl Rg4]} 23. Nh2 Nc5 24. Rxf8+ Rxf8 25. Rf1 $6 Rxf1+ 26. Kxf1
Ne4 {[%cal Ge4d2,Ge4g3]} 27. Qe1 Qf7+ $6 (27... Ba6 $1 {[%cal Ga6f1]} 28. Kg1
Bxc4 $17) 28. Kg1 Qxc4 29. Bf4 Qxa2 30. Bxh6 {[%csl Gg4,Gh5]} Nxc3 31. Nf3 Ne2+
32. Kh2 Kh7 $4 (32... Bxf3 33. Qf2 $1 {[%cal Gf2f8]} (33. gxf3 Nd4+ {[%cal
Gd4f3]}) 33... Nc3 34. Qxf3 Qf7 $11) 33. Qh4 $1 Bxf3 34. Qf6 Qg8 35. gxf3 Nc3
36. Bf8 1-0

[Event "Olympiad-37"]
[Site "Turin"]
[Date "2006.05.27"]
[Round "6"]
[White "Barsov, Alexei"]
[Black "Akopian, Vladimir Eduardovic"]
[Result "0-1"]
[WhiteElo "2525"]
[BlackElo "2706"]
[Annotator "Reeh,O"]
[PlyCount "64"]
[EventDate "2006.05.21"]
[EventType "team-swiss"]
[EventRounds "13"]
[EventCountry "ITA"]
[SourceTitle "CBM 113"]
[Source "ChessBase"]
[SourceDate "2006.07.31"]
[SourceVersion "1"]
[SourceVersionDate "2006.07.31"]
[SourceQuality "1"]
[WhiteTeam "Uzbekistan"]
[BlackTeam "Armenia"]
[WhiteTeamCountry "UZB"]
[BlackTeamCountry "ARM"]

1. d4 Nf6 2. c4 e6 3. Nc3 Bb4 4. Nf3 b6 5. Bg5 Bb7 6. e3 h6 7. Bh4 Bxc3+ 8.
bxc3 d6 9. Nd2 Nbd7 10. f3 Qe7 11. Qa4 O-O 12. Bd3 e5 13. e4 Qe6 14. O-O Nh5
15. Rae1 Nf4 16. Bb1 a6 17. Kh1 b5 $1 {Seizing the initiative on the queenside.
} 18. Qb3 Nb6 19. d5 Qd7 20. Bf2 (20. Bg3 {was better here, immediately
challenging Black's knight on f4. war hier stärker, um den schwarzen Springer
sofort anzugreifen.}) 20... bxc4 21. Nxc4 Nxc4 22. Qxc4 a5 23. Qb3 Ba6 24. Rg1
(24. c4 Rfb8 25. Qc3 Rb4 {is also not nice. macht auch keinen Spaß.}) 24...
Rfb8 25. Qa3 Qb5 26. c4 Qb2 $1 ({Stronger than Stärker als} 26... Qxc4 27. Rc1)
27. Qe3 Bxc4 28. g3 Nh3 29. Rg2 Qa1 30. Qc1 {Permitting a nice finish, but 30.
Bd3 Qxa2 was also hopeless. Lässt ein hübsches Finale zu, aber 30.Ld3 Dxa2 war
auch hoffnungslos.} {[%tqu "En","White is all tied up, and particularly his
piece cluster on the kingside makes a clumsy impression. This allows Black to
win the game immediately. How?","The white rook on e1 can't leave the back
rank, as this would allow Rxb1. This gives Black's bishop a surprising
possibility.","Why not attack f3?","c4e2","White has three pieces on the
kingside, but none of them can defend against the threat Bxf3!",10,"De","Weiß
ist völlig gebunden, und vor allem die zusammengeballten Figuren am
Königsflügel machen einen hilflosen Eindruck. Dies erlaubt Schwarz, die Partie
sofort zu gewinnen. Wie?","Der weiße Turm auf e1 darf die Grundreihe nicht
verlassen, da dies Txb1 erlauben würde. Dies überlässt dem schwarzen Läufer
eine überraschende Möglichkeit.","Wieso nicht mal f3 angreifen?","c4e2","Weiß
hat drei Figuren am Königsflügel, aber keine kann gegen die Drohung Lxf3 etwas
ausrichten!",10]} Be2 $1 {Now there is not satisfactory defence against the
threat 31....Bxf3. Danach lässt sich die Drohung 31....Lxf3 nicht mehr
zufriedenstellend parieren.} 31. Qe3 Rxb1 32. Qxe2 Nxf2+ 0-1

[Event "Olympiad-32"]
[Site "Yerevan"]
[Date "1996.10.01"]
[Round "14.1"]
[White "Rogers, Ian"]
[Black "Gluckman, David"]
[Result "1/2-1/2"]
[WhiteElo "2575"]
[BlackElo "2370"]
[Annotator "Rogers,I"]
[PlyCount "87"]
[EventDate "1996.09.15"]
[EventType "team-swiss"]
[EventRounds "14"]
[EventCountry "ARM"]
[SourceTitle "CBM 055"]
[Source "ChessBase"]
[SourceDate "1996.12.01"]
[SourceVersion "1"]
[SourceVersionDate "1996.12.01"]
[SourceQuality "1"]
[WhiteTeam "Australia"]
[BlackTeam "South Africa"]
[WhiteTeamCountry "AUS"]
[BlackTeamCountry "RSA"]

1. d4 Nf6 2. c4 e6 3. Nf3 Bb4+ 4. Nc3 b6 5. Bg5 Bb7 6. e3 h6 7. Bh4 O-O 8. Bd3
c5 9. O-O cxd4 10. exd4 Be7 11. Re1 d5 12. Bxf6 Bxf6 13. cxd5 exd5 14. Rc1 Nc6
15. Bb1 g6 ({The immediate} 15... Qd6 {would allow the nasty trick} 16. Nb5 Qb4
17. Rxc6 $3 Bxc6 (17... Qxb5 18. Qc2) 18. Qc2 {when White wins material.}) 16.
a3 Qd6 17. Ba2 Na5 18. Ne5 Nc4 19. Nb5 Qd8 20. Qg4 a6 21. Nxg6 $4 ({White has
built up an excellent attacking position and after} 21. Nc3 {would maintain a
clear edge. Instead White indulges himself with a crazy sacrifice, giving up a
piece for only a few checks.}) 21... fxg6 22. Qxg6+ Bg7 23. Bb1 Rf6 24. Qh7+
Kf8 (24... Kf7 {would have been even stronger, since White's intended} 25. Rc3
{can be well met by} Qg8 $1) 25. Nc3 Qd7 26. Ne2 $1 {White's 'attack' needs
some help even if it takes a five move knight manoeuvre to provide it.} Nd2 $6
27. Ng3 Nxb1 28. Nh5 $1 Rf7 29. Nxg7 $1 Rxg7 30. Qxh6 {A small shock for Black,
who now realised that if he did not activate his pieces quickly White might
actually generate a few threats.} Rc8 $1 31. Qh8+ {(=) Here White offered a
draw, since there is no way for Black to avoid the checks and White can hardly
hope for more. In response Black thought and thought, eventually declining
when he had less than 10 minutes left on the clock.} Kf7 32. Qh5+ Kf8 33. Qh8+
Kf7 34. Qh5+ Kf8 {(=) Now Black shrugged his shoulders and said "Draw?" but,
with my opponent now in severe time trouble, I decided to keep the game going.}
35. Rxc8+ $5 Bxc8 36. Rxb1 Qg4 ({White was hoping for} 36... Qh3 $4 37. Qxd5
Be6 38. Qb7 Kg8 $2 39. Qxg7+ $1) 37. Qh8+ ({Now} 37. Qxd5 Be6 {is very risky
for White} ({mhb} 37... Bb7 $1 $19)) 37... Kf7 38. g3 Qh3 $6 39. Qd8 $2 {
This wins a fourth pawn for the piece but hands the initiative to Black.} ({
With the simple} 39. Qxh3 $1 Bxh3 40. f3 Rg6 41. Rc1 Re6 42. Kf2 {White can
start his kingside pawns rolling (43.g4 is threatened) with fair winning
chances in the endgame.}) 39... Rh7 40. Qxd5+ Be6 41. Qg2 Qf5 42. Re1 Bd5 43.
f3 Rh6 44. Qd2 ({Here White, rather optimistically offered a draw, in the hope
that Black would be afraid that there would another turn in this
roller-coaster game. Black thought for 20 minutes and realised that} 44. Qd2
Rf6 {would be good for Black, but then, seeing that all his teammates had
already lost, decided to take the safe way out...}) 1/2-1/2

[Event "Bundesliga 0203"]
[Site "Germany"]
[Date "2003.02.08"]
[Round "10.1"]
[White "Rogozenco, Dorian"]
[Black "Anand, Viswanathan"]
[Result "1/2-1/2"]
[WhiteElo "2520"]
[BlackElo "2755"]
[Annotator "Rogozenco,D"]
[PlyCount "36"]
[EventDate "2002.10.19"]
[EventType "team-tourn"]
[EventRounds "15"]
[EventCountry "GER"]
[SourceTitle "CBM 094"]
[Source "ChessBase"]
[SourceDate "2003.05.26"]
[SourceVersion "1"]
[SourceVersionDate "2003.05.26"]
[SourceQuality "1"]
[WhiteTeam "Neukoelln"]
[BlackTeam "Baden Oos"]
[WhiteTeamCountry "GER"]
[BlackTeamCountry "GER"]

1. d4 Nf6 2. c4 e6 3. Nc3 Bb4 4. Nf3 b6 5. Bg5 Bb7 6. e3 Bxc3+ 7. bxc3 d6 8.
Nd2 Nbd7 9. f3 h6 10. Bh4 O-O 11. Bd3 Qe8 12. O-O (12. Qc2 e5 13. O-O g5 14.
Bf2 Nh5 15. g4 Ng7 16. h4 $14 {1/2-1/2 Rogozenko,D-Izhnin,A/Nikolaev 1995 (63)}
) (12. e4 Nh5 $5 13. O-O Nf4 14. Bc2 e5 15. Re1 Qe6 16. Bg3 g5 $6 17. Bb3 Qg6
18. Nf1 Nf6 19. Ne3 N6h5 20. Qd2 Ng7 21. Rad1 Rae8 22. c5 $36 {1-0 Parker,
J-Kosashvili,Y/Guildford 1991 (53)}) 12... e5 13. e4 (13. Qc2 $142 {
transposing to the above given game Rogozenko-Izhnin, Nikolaev 1993.}) 13...
Nh5 14. Re1 Nf4 15. Nf1 (15. Bc2 Qe6 16. Bg3 {was an worthy alternative, with
unclear position.}) (15. Bf1 $6 f5 $132) 15... f5 $1 {This move I missed.
Otherwise White would have played Nf1-e3 with an edge.} (15... Qe6 16. Ne3 $14)
16. exf5 (16. Bc2 $6 fxe4 17. Bxe4 Bxe4 18. Rxe4 (18. fxe4 Qe6 19. Ne3 $140
exd4 20. cxd4 Qxe4 21. Qg4 Rf7) 18... Qf7 $15) 16... Nxd3 (16... Qh5 17. Bg3
Nxd3 {is same as the game.}) 17. Qxd3 Qh5 18. Bg3 Qxf5 (18... Qxf5 19. Qxf5
Rxf5 20. Ne3 Rf7 21. Rad1 $1 $14 {/=} (21. dxe5 $6 Nxe5 22. Bxe5 dxe5 23. Ng4
e4 24. fxe4 Re8 $44) (21. Nd5 $6 {This idea doesn't work:} Bxd5 (21... exd4 22.
Nxc7 Rc8 23. Nb5 $1) 22. cxd5 exd4 23. c4 Nc5 24. Rad1 d3 25. Bf2 Rf4)) (18...
Rxf5 {is weaker:} 19. Ne3 Rf7 20. Nd5 $5 c6 (20... Bxd5 21. cxd5 exd4 22. Qxd4
$14) (20... exd4 21. Ne7+ $1)) 1/2-1/2

[Event "Troll Masters"]
[Site "Gausdal"]
[Date "2003.01.15"]
[Round "10"]
[White "Ovsejevitsch, Sergei"]
[Black "Rozentalis, Eduardas"]
[Result "1/2-1/2"]
[WhiteElo "2517"]
[BlackElo "2585"]
[Annotator "Rozentalis,E"]
[PlyCount "53"]
[EventDate "2003.01.07"]
[EventType "swiss"]
[EventRounds "10"]
[EventCountry "NOR"]
[SourceTitle "CBM 092 Extra"]
[Source "ChessBase"]
[SourceDate "2003.03.07"]
[SourceVersion "1"]
[SourceVersionDate "2003.03.07"]
[SourceQuality "1"]

1. d4 Nf6 2. c4 e6 3. Nf3 b6 4. Nc3 Bb7 5. Bg5 Bb4 6. e3 h6 7. Bh4 g5 8. Bg3
Ne4 9. Nd2 Nxc3 $5 10. bxc3 Bxc3 11. Rc1 Bxd2+ 12. Qxd2 d6 13. c5 (13. h4 {
is also possible.}) 13... dxc5 14. Qb2 ({An endgame is drawish:} 14. dxc5 Qxd2+
15. Kxd2 Ba6 $1 16. Bxc7 Bxf1 17. Rhxf1 Nd7 18. Bd6 (18. c6 Nc5 $11) 18... Nxc5
19. Bxc5 bxc5 20. Rxc5 Rd8+ 21. Ke2 Ke7 {[1/2:1/2- Smirin 2575- Rozentalis
2650, New York op 1997]}) 14... O-O 15. dxc5 $5 $146 (15. h4 g4 16. dxc5 Qd5
17. Be2 Nc6 $6 ({better was} 17... Qxg2 $13) 18. f3 $1 $36 {[ Stocek 2470-
Cvek 2390, Plzen op 1997]}) 15... Ba6 16. h4 g4 ({The only, because after} 
16... Bxf1 $2 17. hxg5 {White's attack is too dangerous.}) 17. Bc4 ({Black is
OK after} 17. cxb6 axb6 $1 (17... cxb6 $2 18. Bxb8 Bxf1 19. Bc7 $18) 18. Bxc7
Qd5 {and his pieces are very active,}) ({or} 17. Bxa6 Nxa6 18. Qe2 Nxc5 19.
Qxg4+ Kh7 {and Black king is safe.}) 17... Bxc4 18. Rxc4 f5 19. O-O (19. cxb6
cxb6 20. Rc7 Nd7 {followed by 21...Qf6.}) 19... Nd7 20. cxb6 cxb6 21. Rc7 (21.
Rd1 Qf6) 21... Qf6 (21... Rf7 {leads to unclear complications:} 22. Rd1 Qf6 23.
Rdxd7 Qxb2 24. Rxf7 $13) 22. Qa3 Rf7 23. Rxa7 Rxa7 24. Qxa7 e5 $1 {White
regained a pawn, but Black managed to consolidate his pieces and seize the
center.} 25. f3 $1 ({White has to attack Black's center, otherwise it may
become dangerous:} 25. Rd1 Nf8 {,26...f4}) 25... gxf3 (25... f4 $2 26. exf4
exf4 27. fxg4 $18) 26. Qa8+ Kh7 27. Qxf3 (27. Qxf3 Qe6 {attacking the pawn and
preparing knight maneuvre Nd7-c5-e4. Black is slightly better, though the most
probable result is draw.}) 1/2-1/2